Carnaval y sociedad / (Record no. 44935)
[ view plain ]
| 000 -CABECERA | |
|---|---|
| campo de control de longitud fija | 00785nam a2200205 a 4500 |
| 001 - NÚMERO DE CONTROL | |
| campo de control | 000045446 |
| 005 - FECHA Y HORA DE LA ÚLTIMA TRANSACCIÓN | |
| campo de control | 20240316073905.0 |
| 008 - DATOS DE LONGITUD FIJA--INFORMACIÓN GENERAL | |
| campo de control de longitud fija | 150325s2003 dr a 000 0 spa d |
| 040 ## - FUENTE DE LA CATALOGACIÓN | |
| Centro catalogador/agencia de origen | DO-SdBNP |
| Lengua de catalogación | spa |
| Centro/agencia transcriptor | BNPHU |
| 082 ## - NÚMERO DE LA CLASIFICACIÓN DECIMAL DEWEY | |
| Número de clasificación | xxxx |
| Número de documento/Ítem | xxxx |
| 245 00 - MENCIÓN DE TÍTULO | |
| Título | Carnaval y sociedad / |
| Mención de responsabilidad, etc. | Marcio Veloz Maggiolo ... [et al.]. ; prólogo José G. Guerrero. |
| 260 ## - PUBLICACIÓN, DISTRIBUCIÓN, ETC. | |
| Lugar de publicación, distribución, etc. | Santo Domingo : |
| Nombre del editor, distribuidor, etc. | Comisión Nacional de Carnaval, |
| Fecha de publicación, distribución, etc. | 2003. |
| 300 ## - DESCRIPCIÓN FÍSICA | |
| Extensión | 79 p. : |
| Otras características físicas | il. ; |
| Dimensiones | 21 cm. |
| 500 ## - NOTA GENERAL | |
| Nota general | La biblioteca posee 1 ejemplar autografiado por el autor |
| 700 12 - PUNTO DE ACCESO ADICIONAL--NOMBRE DE PERSONA | |
| Nombre de persona | Veloz Maggiolo, Marcio, |
| Fechas asociadas al nombre | 1936-2021 |
| 9 (RLIN) | 1104 |
| 700 12 - PUNTO DE ACCESO ADICIONAL--NOMBRE DE PERSONA | |
| Nombre de persona | Deive, Carlos Esteban, |
| Fechas asociadas al nombre | 1935-2019 |
| 9 (RLIN) | 1916 |
| 700 12 - PUNTO DE ACCESO ADICIONAL--NOMBRE DE PERSONA | |
| Nombre de persona | Lizardo, Fradique, |
| Fechas asociadas al nombre | 1930-1997 |
| 9 (RLIN) | 62027 |
| 700 12 - PUNTO DE ACCESO ADICIONAL--NOMBRE DE PERSONA | |
| Nombre de persona | Tejeda Ortíz, Dagoberto, |
| Fechas asociadas al nombre | 1940- |
| 9 (RLIN) | 1575 |
| 700 12 - PUNTO DE ACCESO ADICIONAL--NOMBRE DE PERSONA | |
| Nombre de persona | Guerrero, José G., |
| Término indicativo de función/relación | pról. |
| 9 (RLIN) | 18729 |
| Estado de retiro | Estado de pérdida | No para préstamo | Código de colección | Localización permanente | Ubicación/localización actual | Ubicación en estantería | Fecha de adquisición | Número de inventario | Total de préstamos | Signatura topográfica completa | Código de barras | Fecha visto por última vez | Precio válido a partir de | Tipo de ítem Koha |
|---|---|---|---|---|---|---|---|---|---|---|---|---|---|---|
| Excluido de préstamo | Patrimonio Dominicano | Patrimonio Dominicano | Patrimonio Dominicano | En catalogación | 25.03.2015 | LF1 | xxxx xxxx | 45446-10 | 25.06.2020 | 25.06.2020 | Libro y Folleto Colección Patrimonio Dominicano |
